Air

Bibliographic Details
Main Author: Charman, Andrew
Format: Book
Published: London : Watts Books , 1993
Series:First start
Subjects:

MARC

LEADER 00000cam a2200000 7i4500
001 0000001249
002 000001378
005 20060206.0
020 |a 0749611197 
090 0 0 |a 030   |b FIR 
100 1 |a Charman, Andrew 
245 1 0 |a Air   |c Andrew Charman 
260 |a London :   |b Watts Books ,   |c 1993 
300 |a 32p. ;   |c 22cm. 
490 0 |a First start 
650 0 0 |a Air   |x Juvenile literature 
999 |a 031020   |b BUKU   |c JUNIOR BOOKS   |e PERPUSTAKAAN KOMUNITI CAW KOTA DAMANSARA